banner koha

Niveis de dieldrin em sangue de aplicadores de aldrin na regiao de Sao Jose do Rio Preto, Sao Paulo [Inseticida; Residuo quimico; Intoxicacao; Brasil] (Registro n. 109054)

MARC details
000 -LÍDER
campo de controle de tamanho fixo 01113nas a2200301 4500
001 - NÚMERO DE CONTROLE
campo de controle BR8201381
003 - IDENTIFICADOR DO NÚMERO DE CONTROLE
campo de controle BR-BrBNA
005 - DATA E HORÁRIO DA ÚLTIMA TRANSAÇÃO
campo de controle 20231205085056.0
007 - CAMPO FIXO DE DESCRIÇÃO FÍSICA--INFORMAÇÃO GERAL
campo de controle de tamanho fixo ta
008 - CAMPO DE DADOS FIXOS--INFORMAÇÃO GERAL
campo de controle de tamanho fixo 230509b bl.|||p| |||| 00| 00por d
040 ## - FONTE DA CATALOGAÇÃO
Instituição da catalogação original BR-BrBNA
Idioma da catalogação por
Instituição que transcreveu o registro Biblioteca Nacional de Agricultura
041 ## - CÓDIGO DE IDIOMA
Código do idioma do texto/trilha sonora ou título diferente (Pt)
072 ## - CÓDIGO DE CATEGORIA DE ASSUNTO
Código de Categoria de Assunto H00
100 1# - ENTRADA PRINCIPAL--NOME PESSOAL
Nome pessoal Lara, W.H.
100 1# - ENTRADA PRINCIPAL--NOME PESSOAL
Nome pessoal Barretto, H.H.C.
100 1# - ENTRADA PRINCIPAL--NOME PESSOAL
Nome pessoal Varella-Garcia, M.
245 1# - TÍTULO
Título Niveis de dieldrin em sangue de aplicadores de aldrin na regiao de Sao Jose do Rio Preto, Sao Paulo [Inseticida; Residuo quimico; Intoxicacao; Brasil]
246 1# - FORMA VARIANTE DO TÍTULO
Título/título abreviado Dieldrin levels in the blood of farm workers applying aldrin, in Sao Jose do Rio Preto, state of Sao Paulo, Brazil [Insecticide; Chemical residue; Intoxication]
650 ## - ASSUNTO--TERMO TÓPICO
Cabeçalho tópico ou nome geográfico Defesa vegetal
650 ## - ASSUNTO--TERMO TÓPICO
Cabeçalho tópico ou nome geográfico Inseticida
650 ## - ASSUNTO--TERMO TÓPICO
Cabeçalho tópico ou nome geográfico Residuo quimico
650 ## - ASSUNTO--TERMO TÓPICO
Cabeçalho tópico ou nome geográfico Intoxicacao
650 ## - ASSUNTO--TERMO TÓPICO
Cabeçalho tópico ou nome geográfico Sao Jose do Rio Preto
650 ## - ASSUNTO--TERMO TÓPICO
Cabeçalho tópico ou nome geográfico Sao Paulo
773 0# - ENTRADA ANALÍTICA
Título Revista do Instituto Adolfo Lutz (Brazil)
ISSN - International Standard Serial Number ISSN 0073-9855
Partes relacionadas (Jun 1981), v. 41(1) p. 9-14
Número de controle do registro BR8201381
909 ## -
-- 202311
-- Lúcia
-- 55
-- Lúcia Elande
942 ## - ELEMENTOS DE ENTRADA ADICIONADOS (KOHA)
Fonte da classificação ou esquema de arquivamento na estante Classificação AGRIS
Ocultar no OPAC Não
Tipo de material Koha Analítica
Exemplares
Situação do descarte Fonte da classificação ou esquema de arquivamento na estante Situação física Não pode ser emprestado Biblioteca de origem Biblioteca atual Localização na estante Enumeração do periódico / cronologia Total de empréstimos Data de último acesso Número do exemplar Tipo de material Koha Fonte de aquisição
  Classificação AGRIS   Consulta local Biblioteca Nacional de Agricultura - Binagri Biblioteca Nacional de Agricultura - Binagri   (Jun 1981), v. 41(1) p. 9-14   29/11/2023 01 Periódicos Portaria Interministerial nº 164/94

BINAGRI

Telefone: (61)3218-2567/2388/3357/2097 - binagri@agro.gov.br

Ministério da Agricultura e Pecuária , Esplanada dos Ministérios, Bloco D, Anexo B, Brasília/DF, CEP: 70.043-900